Thermophysical properties of matter and substances.

Bibliographic Details
Corporate Authors: Soviet Union. Gosudarstvennai͡a sluzhba standartnykh i spravochnykh dannykh, National Science Foundation (U.S.), United States. National Bureau of Standards
Other Authors: Rabinovich, V. A. (Viktor Abramovich)
Format: Serial
Language:English
Russian
Language Notes:Translation of Teplofizicheskie svoistva veshchestv i materialov.
Published: New Delhi : Amerind.
Series:Collection "Physical Constants and Properties of Matter"
Subjects:

MARC

Tag First Indicator Second Indicator Subfields
LEADER 00000cas a2200000 4500
001 in00000079559
005 20151008052906.0
008 780516c19uu9999ii uu f0uuua0eng d
035 |a (OCoLC)03899848 
035 |9 AAH5333AM 
037 |b Available from National Technical Information Service, Springfield, VA 22151 
040 |a MNU  |c MNU  |d MUL  |d UDI  |d TXA  |d UtOrBLW 
041 1 |a eng  |a rus 
049 |a TXAE 
090 |a TA418.24  |b .T462 
222 0 |a Thermophysical properties of matter and substances 
245 0 0 |a Thermophysical properties of matter and substances. 
264 1 |a New Delhi :  |b Amerind. 
300 |a  volumes :  |b illustrations ;  |c 24 cm. 
336 |a text  |b txt  |2 rdacontent 
337 |a unmediated  |b n  |2 rdamedia 
338 |a volume  |b nc  |2 rdacarrier 
362 0 |a v.1- 
490 0 |a Collection "Physical Constants and Properties of Matter" 
500 |a At head of title, v. : State Standards and Reference Data Service. 
546 |a Translation of Teplofizicheskie svoistva veshchestv i materialov. 
550 |a Published for the National Bureau of Standards and the National Science Foundation. 
500 |a Editor: 19 - , V. A. Rabinovich. 
650 0 |a Materials  |x Thermal properties. 
700 1 |a Rabinovich, V. A.  |q (Viktor Abramovich) 
710 1 |a Soviet Union.  |b Gosudarstvennai͡a sluzhba standartnykh i spravochnykh dannykh. 
710 2 |a National Science Foundation (U.S.) 
710 1 |a United States.  |b National Bureau of Standards. 
760 0 |t Collection "Physical Constants and Properties of Matter" 
999 |a MARS 
999 f f |s b32f69df-91a3-3cff-aa87-c5d61dc9608a  |i 6489b90a-bd2f-325d-aa1f-38a60213de0c  |t 0 
952 f f |a Texas A&M University  |b Rellis Campus  |c Joint Library Facility  |d Remote Storage  |e TA418.24 .T462  |h Library of Congress classification  |i unmediated -- volume  |k v.3  |l 1971  |m A14810786435  |p ric  |s JLF  |t 0 
952 f f |a Texas A&M University  |b Rellis Campus  |c Joint Library Facility  |d Remote Storage  |e TA418.24 .T462  |h Library of Congress classification  |i unmediated -- volume  |k v.2  |l 1970  |m A14809096712  |p ric  |s JLF  |t 0 
952 f f |a Texas A&M University  |b Rellis Campus  |c Joint Library Facility  |d Remote Storage  |e TA418.24 .T462  |h Library of Congress classification  |i unmediated -- volume  |k v.4  |l 1971  |m A14808568677  |p ric  |s JLF  |t 0 
998 f f |a TA418.24 .T462  |s v.2-4 (1970-1971)  |t 0  |l Remote Storage